Detalles MARC
| 000 -LEADER |
| campo de control de longitud fija |
02211cam a22004574i 4500 |
| 003 - IDENTIFICADOR DE NÚMERO DE CONTROL |
| campo de control |
PE-LiUPU |
| 005 - FECHA Y HORA DE LA ÚLTIMA TRANSACCIÓN |
| campo de control |
20250731165433.0 |
| 008 - DATOS DE LONGITUD FIJA--INFORMACIÓN GENERAL |
| campo de control de longitud fija |
160303s2005 pe grm 000 0 spa d |
| 035 ## - NÚMERO DE CONTROL DEL SISTEMA |
| Número de control de sistema |
(Sirsi) a156366 |
| 040 ## - FUENTE DE CATALOGACIÓN |
| Centro catalogador/agencia de origen |
PE-LiUPU |
| Lengua de catalogación |
spa |
| Centro/agencia transcriptor |
PE-LiUPU |
| Normas de descripción |
rda |
| 099 ## - TEXTO-LIBRO SIGNATURA TOPOGRÁFICA LOCAL (OCLC) |
| Número de clasificación |
TIA 2 |
| -- |
C22 2005 |
| 100 1# - ENTRADA PRINCIPAL--NOMBRE DE PERSONA |
| Nombre de persona |
Campos Llempén, Esnaider |
| Término indicativo de función/relación |
autor |
| 245 1# - MENCIÓN DEL TÍTULO |
| Título |
Propuesta de un sistema de análisis de peligros y puntos de control críticos (HACCP) para la elaboración de panes blancos en molde / |
| Mención de responsabilidad, etc. |
Esnaider Campos Llempén. |
| 264 #0 - PRODUCCIÓN, PUBLICACIÓN, DISTRIBUCIÓN, FABRICACIÓN Y COPYRIGHT |
| Fecha de producción, publicación, distribución, fabricación o copyright |
2005. |
| 300 ## - DESCRIPCIÓN FÍSICA |
| Extensión |
157 hojas |
| Dimensiones |
30 cm |
| 336 ## - TIPO DE CONTENIDO |
| Término de tipo de contenido |
text |
| Fuente |
rdacontent |
| 337 ## - TIPO DE MEDIO |
| Nombre/término del tipo de medio |
unmediated |
| Fuente |
rdamedia |
| 338 ## - TIPO DE SOPORTE |
| Nombre/término del tipo de soporte |
volume |
| Fuente |
rdacarrier |
| 502 ## - NOTA DE TESIS |
| Nota de tesis |
Tesis |
| Tipo de título |
(Lic.) -- |
| Nombre de la institución que otorga el título |
Universidad Peruana Unión, |
| Año de obtención del título |
2005. |
| 504 ## - NOTA DE BIBLIOGRAFÍA, ETC. |
| Nota de bibliografía, etc. |
Incluye referencias |
| 520 3# - RESUMEN, ETC. |
| Sumario, etc. |
El presente trabajo tiene como objetivo formular el plan de análisis de peligros y puntos de control críticos (HACCP), para la elaboración de panes blancos en molde, tales como: Pan americano sándwich, pan americano mediano unión, pan fuente unión y pan light. El plan HACCP fue desarrollado en base a la metodología propuesta por Mortimore y Wallace (2001) que consiste en: Conversaciones con alta dirección, visitas a la planta, formación del equipo HACCP, recopilación de información, descripción del producto, diagrama de flujo, verificación del diagrama de flujo, Identificación de peligros y determinación de los PCC, establecimiento de los límites críticos, procedimiento de monitoreo del PCC, establecimiento de acciones correctivas, establecimiento de formatos y registros y la elaboración de planes complementarios. |
| 526 ## - NOTA DE INFORMACIÓN SOBRE EL PROGRAMA DE ESTUDIO |
| Nombre del programa |
Segunda Especialidad En Estadística Aplicada Para Investigación (A Distancia) |
| 526 ## - NOTA DE INFORMACIÓN SOBRE EL PROGRAMA DE ESTUDIO |
| Nombre del programa |
Segunda Especialidad En Estadística Aplicada Para Investigación |
| 526 ## - NOTA DE INFORMACIÓN SOBRE EL PROGRAMA DE ESTUDIO |
| Nombre del programa |
Ingeniería De Ciberseguridad |
| 526 ## - NOTA DE INFORMACIÓN SOBRE EL PROGRAMA DE ESTUDIO |
| Nombre del programa |
Ingeniería De Ciencia De Datos E Inteligencia Artificial |
| 526 ## - NOTA DE INFORMACIÓN SOBRE EL PROGRAMA DE ESTUDIO |
| Nombre del programa |
Ingeniería De Software |
| 526 ## - NOTA DE INFORMACIÓN SOBRE EL PROGRAMA DE ESTUDIO |
| Nombre del programa |
|
| 526 ## - NOTA DE INFORMACIÓN SOBRE EL PROGRAMA DE ESTUDIO |
| Nombre del programa |
Comunicación Y Periodismo |
| 526 ## - NOTA DE INFORMACIÓN SOBRE EL PROGRAMA DE ESTUDIO |
| Nombre del programa |
Maestría En Ingeniería De Sistemas Con Mención En Dirección Y Gestión De Tecnologías De Información (Semipresencial) |
| 526 ## - NOTA DE INFORMACIÓN SOBRE EL PROGRAMA DE ESTUDIO |
| Nombre del programa |
Maestría En Ingeniería De Sistemas Con Mención En Dirección Y Gestión De Tecnologías De Información (A Distancia) |
| 526 ## - NOTA DE INFORMACIÓN SOBRE EL PROGRAMA DE ESTUDIO |
| Nombre del programa |
Doctorado en ingeniería de sistemas |
| 526 ## - NOTA DE INFORMACIÓN SOBRE EL PROGRAMA DE ESTUDIO |
| Nombre del programa |
Maestría en ingeniería de sistemas con mención en Ingeniería de software |
| 526 ## - NOTA DE INFORMACIÓN SOBRE EL PROGRAMA DE ESTUDIO |
| Nombre del programa |
Maestría en ingeniería de sistemas con mención en Dirección y gestión de tecnologías de información |
| 526 ## - NOTA DE INFORMACIÓN SOBRE EL PROGRAMA DE ESTUDIO |
| Nombre del programa |
Ingeniería de sistemas |
| 526 ## - NOTA DE INFORMACIÓN SOBRE EL PROGRAMA DE ESTUDIO |
| Nombre del programa |
Educación secundaria, especialidad matemática e informática |
| 596 ## - |
| -- |
1 |
| 650 04 - PUNTO DE ACCESO ADICIONAL DE MATERIA--TÉRMINO DE MATERIA |
| Término de materia o nombre geográfico como elemento de entrada |
Pan |
| Subdivisión general |
Control de calidad. |
| 650 04 - PUNTO DE ACCESO ADICIONAL DE MATERIA--TÉRMINO DE MATERIA |
| Término de materia o nombre geográfico como elemento de entrada |
Pan |
| Subdivisión general |
Industria y comercio. |
| 942 ## - ELEMENTOS DE ENTRADA SECUNDARIOS (KOHA) |
| Fuente del sistema de clasificación o colocación |
Clasificación Decimal Dewey |
| Tipo de ítem Koha |
Tesis |
| 999 ## - NÚMEROS DE CONTROL DE SISTEMA (KOHA) |
| -- |
ALPHANUM |
| -- |
T00355 |
| -- |
CCODEBUL3 |
| -- |
BUL |
| -- |
1 |
| -- |
Y |
| -- |
TESIS |
| -- |
2016-3-3 |
| -- |
INGENIERIA |
| -- |
P26 |
| -- |
.STAFF. Tesis |
| 980 ## - EQUIVALENCIA O REFERENCIA-CRUZADA-MENCIÓN DE SERIE--NOMBRE DE PERSONA/TÍTULO [LOCAL, CANADÁ] |
| ID del último usuario que modificó el registro |
1 |
| Nombre del último usuario que modificó el registro |
ALBERTO SANCHEZ Responsable de Automatización |